Music Quiz

Random Music or Singers Quiz

Star-Spangled Singers Quiz Stats

 Plays Quiz Updated May 11, 2018

Score 0/15 Timer 06:00
0 Plays Today
Range Musician/group % Correct
0:22-0:28Whitney Houston
77.8%
0:28-0:36Aretha Franklin
64.4%
0:09-0:15Mariah Carey
59.3%
0:54-1:00Dixie Chicks
58%
0:41-0:47Beyoncé Knowles
57.3%
1:11-1:19Jimi Hendrix
56.1%
1:00-1:06Destiny's Child
52.8%
1:45-2:10Cher
35.4%
Range Musician/group % Correct
0:47-0:54Josh Groban
31.6%
0:36-0:41Backstreet Boys
21.7%
1:19-1:24Neil Diamond
21.6%
0:15-0:22Faith Hill
18.4%
1:40-1:45Billy Joel
17.9%
1:24-1:40Natalie Cole
5.4%
1:06-1:11Jose Feliciano
5.4%

You're not logged in!

Compare scores with friends on all Sporcle quizzes.
Join for Free
OR
Log In

You Might Also Like...

Show Comments

Extras

Top Quizzes Today


Score Distribution

Your Account Isn't Verified!

In order to create a playlist on Sporcle, you need to verify the email address you used during registration. Go to your Sporcle Settings to finish the process.

Report this User

Report this user for behavior that violates our Community Guidelines.

Details: